000 00643nam a2200205Ia 4500
003 OSt
005 20250625113741.0
008 210210b1998 xxu||||| |||| 00| 0 eng d
040 _cAL
041 _aKannada
082 _aK894.9 KARP
100 _aKARNATAKA SAHITYA AKADEMI
_dಕರ್ನಾಟಕ ಸಾಹಿತ್ಯ ಅಕಾಡೆಮಿ
_9216020
245 _aPandita Taranatha.
_bಪಂಡಿತ ತಾರಾನಾಥ
260 _aBengaluru
_bKarnataka Sahitya Akademi
_c1998
300 _axii,108
650 _aMuttinahara Dhruvanarayana Em
_9216021
690 _aKannada Criticism
_9216022
906 _a053479
942 _2ddc
_cBK
999 _c101407
_d101407